00000000nem##2200000za#4500
0019.548377
003CaOODSP
00520200326233324
007aj |a|||
008150406|2010||||xxc||||   a##f  |   fre|d
020 |a978-0-660-64259-8
022 |a1915-884X
040 |aCaOODSP|bfre
041 |aeng
041 |afre
043 |an-cn---
0861 |aM116-2/063D16
1101 |aCanada.|bRessources naturelles Canada. |bCentre d'information topographique.
24510|aHudson Bay, Saskatchewan : |h[document cartographique]|bHudson Bay Rural Municipality
250 |aÉd. 04, version 00
255 |aÉchelle 1:50,000
260 |aOttawa - Ontario : |bRessources naturelles Canada. |c2010.
300 |a1 feuille. : |bcarte en couleur ; |c71 cm.
4901 |aCartes topographiques du Canada|x1915-884X|v63-D/16
500 |aSérie A742. Comprend une légende.
590 |a10-23|b2010-06-11
7760#|tHudson Bay, Saskatchewan : |w(CaOODSP)9.583565
791 |tHudson Bay, Saskatchewan : |eeng|w(CaOODSP)9.548376
830#0|aCartes topographiques du Canada,|x1915-884X|v63-D/16|w(CaOODSP)9.511451